000 00290nam a22001337a 4500
008 170823b xxu||||| |||| 00| 0 eng d
020 _a0387974946
041 _aeng
080 _a51
100 _a38
101 _aMAT
245 _aNUMERICAL MATHEMATICS
_cHOFFMAN.K.H
942 _2udc
_cBK
999 _c24713
_d24713